000 00449nam a22001577a 4500
005 20251108170059.0
008 250721s1982 xx 000 0 ara d
082 1 4 _aط/ق/ميك
245 1 0 _aميكي في بلاد الأقزام /
264 1 _aالقاهرة :
_bدار المعارف،
_c1982.
300 _a40ص : مص
490 0 _aعالم ديزني العجيب
650 1 7 _aأدب الأطفال
942 _2ddc
_cBK
999 _c39261
_d39261